书目信息 |
| 题名: |
安全生产管理知识
|
|
| 作者: | 董丽娜 , 李晓东 , 崔国璋 编 | |
| 分册: | ||
| 出版信息: | 北京 中国劳动社会保障出版社 2003.05 |
|
| 页数: | 349页 | |
| 开本: | 20cm | |
| 丛书名: | “绿十字”安全生产教育培训丛书 | |
| 单 册: | ||
| 中图分类: | X92 | |
| 科图分类: | ||
| 主题词: | 安全生产--an quan sheng chan--生产管理--基本知识 | |
| 电子资源: | ||
| ISBN: | 7-5045-3932-5 | |
| 000 | 01081nam 2200265 450 | |
| 001 | 012007613422 | |
| 005 | 20070930110846.06 | |
| 010 | @a7-5045-3932-5@dCNY20.00 | |
| 100 | @a20070815d2003 km y0chiy0120 ea | |
| 101 | 0 | @achi |
| 102 | @aCN@b110000 | |
| 105 | @aa z 000yy | |
| 200 | 1 | @a安全生产管理知识@Aan quan sheng chan guan li zhi shi@f崔国璋, 董丽娜, 李晓东等编@Fcui guo zhang,dong li na,li xiao dong deng bian |
| 210 | @a北京@c中国劳动社会保障出版社@d2003.05 | |
| 215 | @a349页@c图@d20cm | |
| 225 | 0 | @a“绿十字”安全生产教育培训丛书@A“lu shi zi”an quan sheng chan jiao yu pei xun cong shu |
| 330 | @a本书介绍了安全生产管理的基本概念、安全生产管理体制、安全生产法制体系和有关法律法规以及安全生产管理规章制度等内容,阐述了事故致因理论、系统安全分析和评价等问题。 | |
| 410 | 0 | @12001 @a绿十字安全生产教育培训丛书 |
| 606 | 0 | @a安全生产@Aan quan sheng chan@x生产管理@x基本知识 |
| 690 | @aX92@v4 | |
| 701 | 0 | @a董丽娜@Adong li na@4编 |
| 701 | 0 | @a李晓东@Ali xiao dong@4编 |
| 701 | 0 | @a崔国璋@Acui guo zhang@4编 |
| 801 | 0 | @aCN@c20070930 |
| 905 | @dX92@eC971 | |
| 安全生产管理知识/崔国璋, 董丽娜, 李晓东等编.-北京:中国劳动社会保障出版社,2003.05 |
| 349页:图;20cm.-(“绿十字”安全生产教育培训丛书) |
| ISBN 7-5045-3932-5:CNY20.00 |
| 本书介绍了安全生产管理的基本概念、安全生产管理体制、安全生产法制体系和有关法律法规以及安全生产管理规章制度等内容,阐述了事故致因理论、系统安全分析和评价等问题。 |
| ● |
| 相关链接 |
|
|
|
正题名:安全生产管理知识
索取号:X92/C971
 
预约/预借
| 序号 | 登录号 | 条形码 | 馆藏地/架位号 | 状态 | 备注 |
| 1 | 254671 | 202546717 | 自科库501/501自科库 119排1列5层/ [索取号:X92/C971] | 在馆 | |
| 2 | 254672 | 202546726 | 期刊室512/501自科库 119排1列5层/ [索取号:X92/C971] | 在馆 | |
| 3 | 254673 | 202546735 | 自科库501/501自科库 119排1列5层/ [索取号:X92/C971] | 在馆 |